000 01647nam0a22003611 4500
001 v19\rc\1336284
005 20260405195312.0
035 _a(NLR Aleph) 004485733
090 _a4626256
_c4626256
100 _a20060512e18551855|||y0rusy50 ca
101 0 _arus
102 _aRU
105 _ay z |||||
200 1 _aАкадемик Френ и его ученая деятельность
_f[Дир. Азиат. музея Б. Дорн]
210 _a[Санкт-Петербург
_d1855]
215 _a429-465 с.
_d24
300 _aАвт. указан в конце текста
309 _aБез тит. л. и обл.
311 _aПерепеч. из 3-го т. Учен. записок Акад. наук по 1-му и 3-му Отд-ниям
320 _aБиблиогр.: "Перечень изданных сочинений Френа и рецензии на них" (с. 434-454)
488 0 _12001#$aУченые записки Академии наук по 1-му и 3-му Отделениям$vТ. 3
_tУченые записки Академии наук по 1-му и 3-му Отделениям
700 1 _7ca
_8rus
_aДорн
_bБ. А.
_f1805-1881
_gБорис Андреевич
_9185313
_3RU\NLR\AUTH\770185364
702 1 _4570
_8rus
_7ca
_aФрен
_bХ. Д.
_f1782-1851
_gХристиан Данилович
_3RU\NLR\AUTH\7786978
_92694215
801 0 _aRU
_bNLR
_gpsbo
801 0 _aRU
_bRuMoRGB
_2psbo
801 1 _aRU
_bProSoft-M
_2rusmarc
852 _aNLR
_j18.52.3.20
899 _aRuMoRGB
_jU 402/589
899 _aГПИБ
899 _aRuMoRGB
_jN 21/292
942 _cBOOK
980 _aNB